Three strategies for attaining legitimacy in policy knowledge: Coherence in identity, process and outcome (Record no. 117034)

000 -LEADER
fixed length control field 01526pab a2200169 454500
008 - FIXED-LENGTH DATA ELEMENTS--GENERAL INFORMATION
fixed length control field 180718b2018 xxu||||| |||| 00| 0 eng d
100 ## - MAIN ENTRY--PERSONAL NAME
Personal name Williams, Kate
245 ## - TITLE STATEMENT
Title Three strategies for attaining legitimacy in policy knowledge: Coherence in identity, process and outcome
260 ## - PUBLICATION, DISTRIBUTION, ETC.
Date of publication, distribution, etc. 2018
300 ## - PHYSICAL DESCRIPTION
Extent p.53-69.
520 ## - SUMMARY, ETC.
Summary, etc. At a time when truth and facts are highly contested, understanding how knowledge gains legitimacy is crucial. Creating valuable policy knowledge involves navigating ?a space between fields?, where actors and ideas from different social worlds come into play. This article outlines a novel set of strategies for attaining legitimacy within this space. Drawing on mixed-methods analysis of interview and publication data from 12 development research organizations, the article argues that legitimacy centres around three primary types of ?coherence?. Coherence in identity is the demonstration of ?proper? goals via negotiation of organizational and individual identity. Coherence in process is the demonstration of ?proper? processes through maintenance of independence, integrity and transparency. Coherence in outcome is the demonstration of ?proper? outcomes via creation of the ?right? products, audience and impact. Mastery of these three areas makes possible the production of credible, distinctive and significant knowledge. - Reproduced.
650 ## - SUBJECT ADDED ENTRY--TOPICAL TERM
Topical term or geographic name entry element Pulblic administration
650 ## - SUBJECT ADDED ENTRY--TOPICAL TERM
Topical term or geographic name entry element Legitimacy
650 ## - SUBJECT ADDED ENTRY--TOPICAL TERM
Topical term or geographic name entry element Policy making
773 ## - HOST ITEM ENTRY
Main entry heading Public Administration
909 ## -
-- 117040
Holdings
Withdrawn status Lost status Damaged status Not for loan Permanent Location Current Location Date acquired Serial Enumeration / chronology Barcode Date last seen Price effective from Koha item type
        Indian Institute of Public Administration Indian Institute of Public Administration 2018-07-19 Volume no: 96, Issue no: 1 AR117500 2018-07-19 2018-07-19 Articles

Powered by Koha